000 00328nam a22001457a 4500
008 210226b ||||| |||| 00| 0 eng d
020 _a9780201895018
041 _aeng
080 _23rd
_a330.322
082 _a330.322
100 _a51
101 _aINV
245 _aInternational Investments
_cSolnik, B
942 _2udc
_cBK
999 _c55296
_d55296